000 00675nam a2200289Ia 4500
005 20260324131209.0
008 008 260324s9999 xx 000 0 eng d
020 _a9781849772747
037 _aEBOOK
040 _aCRL
040 _beng
040 _cCRL
041 _2eng
041 _aeng
084 _qCRL
100 _aStuart Walker
_91160036
245 0 _aSustainable by Design
245 0 _bExplorations in Theory and Practice
260 _bTaylor and Francis
260 _c2006
365 _a
365 _b255
856 _uhttp://www.taylorfrancis.com/books/9781849772747
942 _cEBOOK
999 _c1781534
_d1781534